000
00246nam a2200109Ia 4500
008
190216s9999||||xx |||||||||||||| ||und||
100
_a
Sreedar Mishra
245
0
_a
Hindi-Lok Kadhayem
260
_b
Anil Prakashan
650
_a
Hindi
942
_c
BK
999
_c
15279
_d
15279